000 00928nam a22002177a 4500
999 _c7917
_d7917
003 AR-CdUCM
008 190321b ||||| |||| 00| 0 spa d
040 _aMUNICIPALIDAD PROVINCIAL DEL CUSCO
_cBIBLIOTECA MUNICIPAL DEL CUSCO
082 _a572.985 /
_bC55
100 _aChirif, Alberto
_94261
245 _aEtnicidad y ecología /
260 _aLima :
_bCentro de Investigación y Promoción Amazónica,
_c1979.
300 _a186 páginas ;
_bIlustraciones,
_c20 cm.
505 _aBases empíricas de la cosmología botánica aguaruna -- El cultivo de roza y quema entre los amahuaca del este del Perú -- El cultivo de secoya -- Migración y adaptación en Madre de Dios -- Ecología humana en el ambiente amazónico ...
650 _aEtnología
_91915
650 _aEcología
_94960
650 _aAmazonia
_93433
710 _aCentro de Investigación y Promoción Amazónica
_922379
942 _2ddc
_cLIBROS
945 _aacv